Forests and forestry / (Record no. 5863)

MARC details
000 -LEADER
fixed length control field 01126cam a2200325 a 4500
001 - CONTROL NUMBER
control field 4820361
003 - CONTROL NUMBER IDENTIFIER
control field 20170214123333.0
005 - DATE AND TIME OF LATEST TRANSACTION
control field 20240606081005.0
008 - FIXED-LENGTH DATA ELEMENTS--GENERAL INFORMATION
fixed length control field 890113s1990 ilua b 001 0 eng
010 ## - LIBRARY OF CONGRESS CONTROL NUMBER
LC control number 89080062
020 ## - INTERNATIONAL STANDARD BOOK NUMBER
International Standard Book Number 0813428548
040 ## - CATALOGING SOURCE
Original cataloging agency DLC
Transcribing agency DLC
Modifying agency DLC
043 ## - GEOGRAPHIC AREA CODE
Geographic area code n-us---
050 00 - LIBRARY OF CONGRESS CALL NUMBER
Classification number SD373
Item number .A54 1990
082 00 - DEWEY DECIMAL CLASSIFICATION NUMBER
Classification number 634.9
Edition information 20
100 1# - MAIN ENTRY--PERSONAL NAME
Personal name Holland, I. I.
Fuller form of name (Israel Irving),
Dates associated with a name 1915-
245 10 - TITLE STATEMENT
Title Forests and forestry /
250 ## - EDITION STATEMENT
Edition statement 4th ed.
260 ## - PUBLICATION, DISTRIBUTION, ETC.
Place of publication, distribution, etc. Danville, Ill. :
Name of publisher, distributor, etc. Interstate Publishers,
Date of publication, distribution, etc. c1990.
300 ## - PHYSICAL DESCRIPTION
Extent x, 476 p. :
Other physical details ill. ;
Dimensions 24 cm.
500 ## - GENERAL NOTE
General note Rev. ed. of: Forests and forestry / David A. Anderson and I.I. Holland. 3rd ed. c1982.
504 ## - BIBLIOGRAPHY, ETC. NOTE
Bibliography, etc. note Includes bibliographical references and index.
650 #0 - SUBJECT ADDED ENTRY--TOPICAL TERM
Topical term or geographic name entry element Forests and forestry.
650 #0 - SUBJECT ADDED ENTRY--TOPICAL TERM
Topical term or geographic name entry element Forests and forestry
Geographic subdivision United States.
700 1# - ADDED ENTRY--PERSONAL NAME
Personal name Rolfe, G. L.
700 1# - ADDED ENTRY--PERSONAL NAME
Personal name Anderson, David A.
Title of a work Forests and forestry.
906 ## - LOCAL DATA ELEMENT F, LDF (RLIN)
a 7
b cbc
c orignew
d 3
e opcn
f 19
g y-gencatlg
942 ## - ADDED ENTRY ELEMENTS (KOHA)
Source of classification or shelving scheme Library of Congress Classification
Koha item type Books
Holdings
Withdrawn status Lost status Source of classification or shelving scheme Damaged status Not for loan Home library Current library Date acquired Total checkouts Full call number Barcode Date last seen Price effective from Koha item type
    Library of Congress Classification     Murang'a University of Technology Library Murang'a University of Technology Library 02/03/2017   SD373 .A54 1990 006172 30/08/2024 02/03/2017 Books